Technical benchmarks (Record no. 66116)

MARC details
000 -LEADER
fixed length control field 00805cam a2200193 4500
001 - CONTROL NUMBER
control field WB3707-34
008 - FIXED-LENGTH DATA ELEMENTS--GENERAL INFORMATION
fixed length control field 000000n2001 000 0 eng u
035 ## - SYSTEM CONTROL NUMBER
System control number (Sirsi) u110924
245 ## - TITLE STATEMENT
Title Technical benchmarks
260 ## - PUBLICATION, DISTRIBUTION, ETC.
Date of publication, distribution, etc. 2001
490 ## - SERIES STATEMENT
Series statement Farmers' Weekly
Volume/sequential designation 134(6) 9 February 2001, 51(1)
520 ## - SUMMARY, ETC.
Summary, etc. A new MAFF project aims to boost arable profits by providing technical benchmarks in 12 key production areas, allowing growers to assess their progress and focus on improvements. The programme aims to open an extensive library of arable research and growers will be encouraged to analyse their work and make changes as necessary.
590 ## - LOCAL NOTE (RLIN)
Local note WB
650 ## - SUBJECT ADDED ENTRY--TOPICAL TERM
Topical term or geographic name entry element BENCHMARKING
650 ## - SUBJECT ADDED ENTRY--TOPICAL TERM
Topical term or geographic name entry element ARABLE FARMING
650 ## - SUBJECT ADDED ENTRY--TOPICAL TERM
Topical term or geographic name entry element FARM MANAGEMENT
690 ## - LOCAL SUBJECT ADDED ENTRY--TOPICAL TERM (OCLC, RLIN)
Topical term or geographic name as entry element RURAL-AGRICULTURE AND FORESTRY
942 ## - ADDED ENTRY ELEMENTS (KOHA)
Suppress in OPAC 0
Holdings
Withdrawn status Lost status Source of classification or shelving scheme Damaged status Not for loan Home library Current library Shelving location Date acquired Total Checkouts Full call number Barcode Date last seen Copy number Price effective from Koha item type
    Dewey Decimal Classification     London London News article 14/02/2001   WB3707-34 110924-1001 06/08/2019 1 06/08/2019 News article